[Event "POL-chT13 DMP 2 liga corr"]
[Site "Poland"]
[Date "2000.??.??"]
[Round "?"]
[White "Jankowski, Jerzy"]
[Black "Pietryga, Waldemar"]
[Result "0-1"]
[WhiteElo "1848"]
[BlackElo "2160"]
[PlyCount "78"]
[EventDate "2000.??.??"]
[EventType "team (corr)"]
[EventRounds "14"]
[EventCountry "POL"]
[SourceTitle "Corr 2004"]
[Source "ChessBase"]
[SourceDate "2003.04.28"]
[SourceVersion "3"]
[SourceVersionDate "2003.04.28"]
[SourceQuality "1"]

1. e4 c6 2. d4 d5 3. Nc3 dxe4 4. Nxe4 Nd7 5. Bc4 Ngf6 6. Ng5 e6 7. Qe2 Nb6 8. Bb3 h6 9. N5f3 a5 10. a3 a4 11. Ba2 c5 12. c3 Qc7 13. Be3 Nbd5 14. Bc4 Nxe3 15. fxe3 cxd4 16. exd4 Bd6 17. Nh3 0-0 18. Nf2 e5 19. dxe5 Re8 20. 0-0 Bxe5 21. Nxe5 Rxe5 22. Qd3 Rh5 23. g3 Bf5 24. Qd4 Rd8 25. Qf4 Qxf4 26. gxf4 Rd2 27. Rad1 Rxb2 28. Rd8+ Kh7 29. Bxf7 Rh4 30. Rd4 Ng4 31. Nxg4 Rxg4+ 32. Kh1 Rgg2 33. Bd5 Rxh2+ 34. Kg1 b5 35. Re1 Rh3 36. c4 bxc4 37. Rxc4 Rxa3 38. Bc6 Rg3+ 39. Kh1 a3 0-1

[Event "POL-chT13 DMP 2 liga corr"]
[Site "Poland"]
[Date "2000.??.??"]
[Round "?"]
[White "Mlynarczyk, Dariusz"]
[Black "Pietryga, Waldemar"]
[Result "0-1"]
[WhiteElo "2000"]
[BlackElo "2160"]
[PlyCount "64"]
[EventDate "2000.??.??"]
[EventType "team (corr)"]
[EventRounds "14"]
[EventCountry "POL"]
[SourceTitle "Corr 2004"]
[Source "ChessBase"]
[SourceDate "2003.04.28"]
[SourceVersion "3"]
[SourceVersionDate "2003.04.28"]
[SourceQuality "1"]

1. d4 Nf6 2. c4 e6 3. Nf3 b6 4. Nc3 Bb4 5. Bg5 h6 6. Bh4 Bb7 7. e3 Bxc3+ 8. bxc3 d6 9. Bd3 Nbd7 10. 0-0 g5 11. Bg3 Qe7 12. Re1 Ne4 13. Bxe4 Bxe4 14. Nd2 Bb7 15. e4 0-0-0 16. a4 h5 17. f3 h4 18. Bf2 a5 19. Rb1 h3 20. g4 f6 21. Nb3 Nf8 22. Qc2 Ng6 23. c5 dxc5 24. dxc5 Ne5 25. Nd4 bxc5 26. Qb3 c6 27. Nxe6 Nxf3+ 28. Kh1 Nxe1 29. Bxc5 Qd7 30. Nxd8 Rxd8 31. Rxe1 Qd2 32. Rg1 Qd3 0-1

[Event "POL-chT13 DMP 2 liga corr"]
[Site "Poland"]
[Date "2000.??.??"]
[Round "?"]
[White "Zajaczkowski, Jan"]
[Black "Pietryga, Waldemar"]
[Result "1/2-1/2"]
[WhiteElo "2319"]
[BlackElo "2160"]
[PlyCount "54"]
[EventDate "2000.??.??"]
[EventType "team (corr)"]
[EventRounds "14"]
[EventCountry "POL"]
[SourceTitle "Corr 2004"]
[Source "ChessBase"]
[SourceDate "2003.04.28"]
[SourceVersion "3"]
[SourceVersionDate "2003.04.28"]
[SourceQuality "1"]

1. c4 Nf6 2. Nf3 e6 3. g3 a6 4. Bg2 b5 5. Nd4 c6 6. cxb5 axb5 7. Nxb5 cxb5 8. Bxa8 d5 9. Qc2 Bd7 10. b3 Qa5 11. Bb7 Qb6 12. Bc8 Bc6 13. Bb2 Bc5 14. e3 0-0 15. Bxf6 gxf6 16. Bxe6 fxe6 17. 0-0 d4 18. Rc1 Qb7 19. Qd1 Bf3 20. Qf1 Nd7 21. b4 Bxb4 22. exd4 Ra8 23. Nc3 Ba3 24. Re1 b4 25. Nb5 Bd5 26. Qe2 Kh8 27. Nxa3 Rxa3 1/2-1/2

[Event "POL-chT13 DMP 2 liga corr"]
[Site "Poland"]
[Date "1999.??.??"]
[Round "?"]
[White "Pietryga, Waldemar"]
[Black "Dolinski, Piotr"]
[Result "1/2-1/2"]
[WhiteElo "2160"]
[BlackElo "2142"]
[PlyCount "20"]
[EventDate "2000.??.??"]
[EventType "team (corr)"]
[EventRounds "14"]
[EventCountry "POL"]
[SourceTitle "Corr 2004"]
[Source "ChessBase"]
[SourceDate "2003.04.28"]
[SourceVersion "3"]
[SourceVersionDate "2003.04.28"]
[SourceQuality "1"]

1. e4 Nf6 2. e5 Nd5 3. d4 d6 4. Nf3 g6 5. Bc4 Nb6 6. Bb3 Nc6 7. a4 a5 8. exd6 cxd6 9. 0-0 Bg7 10. Re1 d5 1/2-1/2